| 000 | 00937nam a2200277 a 4500 | ||
|---|---|---|---|
| 001 | 000007254 | ||
| 003 | DO-SdBNP | ||
| 005 | 20230412145322.0 | ||
| 007 | ta | ||
| 008 | 090907e1999 dr a fr 001 0dspa d | ||
| 020 | _a8495119072 | ||
| 040 |
_aDO-SdBNP _bspa _cBNPHU |
||
| 082 | 4 |
_a617.11 _bS237g _222 |
|
| 100 | 1 |
_aSantos, Carlos E. de los, _d1954- _920133 |
|
| 245 | 1 | 0 |
_aGuía básica para el tratamiento del paciente quemado / _cCarlos E. de los Santos ; prólogo Ivanhoe Báez Comme ; ilustraciones Ramiro Manzano |
| 260 |
_aSanto Domingo : _bAlfa & Omega, _c1999. |
||
| 300 |
_a175 p. : _bil. ; _c26 cm. |
||
| 504 | _aBibliografía : p. 165-174. | ||
| 590 | _aInventariado,2018/DG | ||
| 650 | 4 |
_aQuemados _920134 |
|
| 650 | 4 |
_aQuemaduras _xTratamientos _920135 |
|
| 700 | 1 |
_aBáez Comme, Ivanhoe, _epról. _920136 |
|
| 700 | 1 |
_aManzano, Ramiro _9768 _eil. |
|
| 910 | _aValidado. Control de calidad. MMOLINA | ||
| 942 |
_2ddc _cLBS1 |
||
| 999 |
_c7035 _d7035 |
||